5 drzew iglastych występujących w Polsce - Statystyki

Ogólne statystyki
  • Ten quiz został rozwiązany 59 razy
  • Średni wynik to 4 z 5
Statystyki odpowiedzi
Hint Odpowiedź % Poprawnych
1 Sosna
100%
2 Świerk
98%
3 Jodła
93%
5 Modrzew
73%
4 Cis
45%
Nie znaleziono quizów pasujących do podanych kryteriów
Rozkład punktacji
Procent ludzi z każdym wynikiem
Percentyl według liczby udzielonych odpowiedzi
Twoja historia wyników
Nie rozwiązałeś tego quizu